Statistiken für Mannheimer Stadtbezirke auf einer Karte

Klicken Sie hier um das Quiz zu spielen!

Allgemein

  • Dieses Quiz wurde 174 mal gespielt
  • Das Durchschnittsergebnis liegt bei 11 aus 17

Antworten auf der Karte

Die Antworten werden auf der Karte rot bzw. grün angezeigt, abhängig davon wie oft sie richtig erraten wurden.
 

Antwortstatistiken

Nr.Stadtbezirk% Korrekt
1Innenstadt/Jungbusch
85%
8Waldhof
81%
17Rheinau
79%
16Neckarau
78%
3Neckarstadt-Ost
77%
2Neckarstadt-West
77%
12Käfertal
70%
7Schönau
62%
10Seckenheim
62%
5Lindenhof
61%
6Sandhofen
61%
15Feudenheim
59%
13Vogelstang
58%
11Friedrichsfeld
55%
4Schwetzingerstadt/Oststadt
50%
9Neuostheim/Neuhermsheim
49%
14Wallstadt
41%

Verteilung der Resultate

Perzentil nach korrekt beantworteten Fragen

Anzahl Personen mit jedem Resultat

Ihre Resultats-Entwicklung

Sie haben dieses Quiz noch nicht gespielt